Women's poker night : (Record no. 339941)
[ view plain ]
| 000 -LEADER | |
|---|---|
| fixed length control field | 00691nam a2200265Ia 4500 |
| 008 - FIXED-LENGTH DATA ELEMENTS--GENERAL INFORMATION | |
| fixed length control field | 170711s9999 xx 000 0 und d |
| 020 ## - INTERNATIONAL STANDARD BOOK NUMBER | |
| International Standard Book Number | 9780818407079 |
| 050 ## - LIBRARY OF CONGRESS CALL NUMBER | |
| Classification number | 795.41 |
| 050 ## - LIBRARY OF CONGRESS CALL NUMBER | |
| Item number | M875 2007 |
| 245 ## - TITLE STATEMENT | |
| Title | Women's poker night : |
| 245 ## - TITLE STATEMENT | |
| Remainder of title | stories and strategies from the feminine side og the felt / |
| 245 ## - TITLE STATEMENT | |
| Statement of responsibility, etc | edited by Maryann Morrison. |
| 260 ## - PUBLICATION, DISTRIBUTION, ETC. (IMPRINT) | |
| Place of publication, distribution, etc | New York : |
| 260 ## - PUBLICATION, DISTRIBUTION, ETC. (IMPRINT) | |
| Name of publisher, distributor, etc | Lyle Stuart, |
| 260 ## - PUBLICATION, DISTRIBUTION, ETC. (IMPRINT) | |
| Date of publication, distribution, etc | 2007 |
| 300 ## - PHYSICAL DESCRIPTION | |
| Extent | x, 223 pages : |
| 300 ## - PHYSICAL DESCRIPTION | |
| Other physical details | illustrations ; |
| 300 ## - PHYSICAL DESCRIPTION | |
| Dimensions | 21cm. |
| 500 ## - GENERAL NOTE | |
| General note | Includes glossary. |
| 650 ## - SUBJECT ADDED ENTRY--TOPICAL TERM | |
| Topical term or geographic name as entry element | Poker -- |
| 650 ## - SUBJECT ADDED ENTRY--TOPICAL TERM | |
| Topical term or geographic name as entry element | Poker. |
| 650 ## - SUBJECT ADDED ENTRY--TOPICAL TERM | |
| Topical term or geographic name as entry element | Women poker players. |
| 650 ## - SUBJECT ADDED ENTRY--TOPICAL TERM | |
| General subdivision | Anecdotes. |
| 700 ## - ADDED ENTRY--PERSONAL NAME | |
| Personal name | Morrison, Maryann. |
No items available.